Pesawat udara
| Main Author: | |
|---|---|
| Other Authors: | |
| Format: | Book |
| Published: |
Johor Bahru :
Pelangi ,
1992
|
| Series: | Pokok Pengetahuan 123
|
| Subjects: |
MARC
| LEADER | 00000cam a2200000 7i4500 | ||
|---|---|---|---|
| 001 | 0000004289 | ||
| 002 | 000004610 | ||
| 005 | 20011211.0 | ||
| 020 | |a 9838783552 | ||
| 090 | 0 | 0 | |a 387.8 |b STR |
| 100 | 1 | |a Stroub, Peter | |
| 245 | 1 | 0 | |a Pesawat udara |c Peter Stroub ; illustrasi oleh Mike Atkinson |
| 260 | |a Johor Bahru : |b Pelangi , |c 1992 | ||
| 300 | |a 23p. : |b ill. ; |c 20cm. | ||
| 490 | 0 | |a Pokok Pengetahuan 123 | |
| 650 | 0 | 0 | |a Aeroplanes |x Juvenile literature |
| 700 | 1 | |a Atkinson, Mike , |e illustrasi | |
| 999 | |a 032231 |b BUKU |c PINJAMAN |e PERPUSTAKAAN KOMUNITI PETALING JAYA | ||